[Event "Senta op-A 12th"]
[Site "Senta"]
[Date "2008.07.24"]
[Round "8"]
[White "Geleta, Jovan"]
[Black "Damjanovic, Dragan"]
[Result "0-1"]
[WhiteElo "2201"]
[BlackElo "2293"]
[PlyCount "157"]
[EventDate "2008.07.18"]
[EventType "swiss"]
[EventRounds "9"]
[EventCountry "YUG"]
[SourceTitle "CBM 125 Extra"]
[Source "ChessBase"]
[SourceDate "2008.09.01"]
[SourceVersion "1"]
[SourceVersionDate "2008.09.01"]
[SourceQuality "1"]

1. d4 c6 2. g3 d5 3. Bg2 Bf5 4. Nf3 h6 5. 0-0 e6 6. c4 Nf6 7. Nc3 Be7 8. b3 0-0 9. Bb2 Nbd7 10. Nd2 Re8 11. e4 dxe4 12. Ndxe4 Nxe4 13. Nxe4 Nf6 14. Qe2 Nxe4 15. Bxe4 Bxe4 16. Qxe4 Bf6 17. Rfd1 Re7 18. Rd2 Rd7 19. Rad1 Qa5 20. Qe3 Rad8 21. Bc3 Qb6 22. Kg2 Bg5 23. f4 Bf6 24. h4 Qc7 25. Rd3 b5 26. Be1 Qb6 27. Bf2 bxc4 28. bxc4 Qa6 29. d5 Qxc4 30. d6 Qxa2 31. Qc5 Qa4 32. R1d2 Qb5 33. Ra3 Qxc5 34. Bxc5 Be7 35. Kf3 Bf8 36. g4 f6 37. f5 exf5 38. gxf5 h5 39. Ra1 Kf7 40. Ra6 Bxd6 41. Bxa7 Bb4 42. Rxd7+ Rxd7 43. Be3 Rd5 44. Ke4 Bc5 45. Bf4 Rd4+ 46. Kf3 Bd6 47. Ra7+ Kg8 48. Bxd6 Rxd6 49. Rc7 Rd5 50. Rxc6 Rxf5+ 51. Kg3 Kh7 52. Rc8 Ra5 53. Rb8 Ra4 54. Rb5 Kh6 55. Rc5 Ra3+ 56. Kg2 Re3 57. Ra5 g5 58. hxg5+ fxg5 59. Ra6+ Kg7 60. Rb6 Re5 61. Kf3 Rf5+ 62. Kg2 Rf6 63. Rb8 Kg6 64. Rg8+ Kf5 65. Rh8 h4 66. Kf3 Rf7 67. Ra8 Kg6+ 68. Kg4 Rf4+ 69. Kh3 Rf3+ 70. Kg2 Rd3 71. Rh8 Kf5 72. Ra8 Kg4 73. Ra4+ Kf5 74. Ra8 Rd2+ 75. Kf3 Rd3+ 76. Kg2 h3+ 77. Kf2 g4 78. Rb8 Rd2+ 79. Kg1 0-1

[Event "HUN-chT2 Maroczy 0708"]
[Site "Hungary"]
[Date "2008.03.30"]
[Round "9"]
[White "Mester, Gyula"]
[Black "Geleta, Jovan"]
[Result "1/2-1/2"]
[WhiteElo "2440"]
[BlackElo "2232"]
[PlyCount "37"]
[EventDate "2007.10.14"]
[EventType "team"]
[EventRounds "11"]
[EventCountry "HUN"]
[SourceTitle "EXT 2009"]
[Source "ChessBase"]
[SourceDate "2008.11.26"]
[SourceVersion "1"]
[SourceVersionDate "2008.11.26"]
[SourceQuality "1"]
[WhiteTeam "Hajduboszormeny"]
[BlackTeam "Koszolg"]
[WhiteTeamCountry "HUN"]
[BlackTeamCountry "HUN"]

1. d4 d5 2. c4 e6 3. Nc3 c5 4. Nf3 Nf6 5. Bg5 Nc6 6. cxd5 exd5 7. Bxf6 gxf6 8. e3 Rg8 9. dxc5 Be6 10. Qc2 Qa5 11. Nd4 Bxc5 12. Nb3 Qb6 13. 0-0-0 Nb4 14. Qxh7 Ke7 15. Qb1 Bxe3+ 16. fxe3 Qxe3+ 17. Rd2 Qe1+ 18. Rd1 Qe3+ 19. Rd2 1/2-1/2

[Event "HUN-chT2 Maroczy 0708"]
[Site "Hungary"]
[Date "2008.03.02"]
[Round "7"]
[White "Geleta, Jovan"]
[Black "Bali, Janos"]
[Result "1/2-1/2"]
[WhiteElo "2232"]
[BlackElo "2256"]
[PlyCount "41"]
[EventDate "2007.10.14"]
[EventType "team"]
[EventRounds "11"]
[EventCountry "HUN"]
[SourceTitle "EXT 2009"]
[Source "ChessBase"]
[SourceDate "2008.11.26"]
[SourceVersion "1"]
[SourceVersionDate "2008.11.26"]
[SourceQuality "1"]
[WhiteTeam "Koszolg"]
[BlackTeam "Fuzesabony"]
[WhiteTeamCountry "HUN"]
[BlackTeamCountry "HUN"]

1. d4 d5 2. Nf3 c6 3. g3 Bg4 4. Bg2 Nd7 5. 0-0 e6 6. Nbd2 Bd6 7. e4 dxe4 8. Nxe4 Bc7 9. Qd3 Bxf3 10. Bxf3 Ngf6 11. Qb3 Nxe4 12. Bxe4 Rb8 13. Qd3 Nf6 14. Bf3 0-0 15. Be3 Nd5 16. c4 Nxe3 17. Qxe3 Qf6 18. Rad1 Rfd8 19. Kg2 Bb6 20. c5 Bc7 21. b4 1/2-1/2

[Event "HUN-chT2 Maroczy 0708"]
[Site "Hungary"]
[Date "2007.12.16"]
[Round "5"]
[White "Kevei, Peter"]
[Black "Geleta, Jovan"]
[Result "1/2-1/2"]
[WhiteElo "2206"]
[BlackElo "2232"]
[PlyCount "98"]
[EventDate "2007.10.14"]
[EventType "team"]
[EventRounds "11"]
[EventCountry "HUN"]
[SourceTitle "EXT 2009"]
[Source "ChessBase"]
[SourceDate "2008.11.26"]
[SourceVersion "1"]
[SourceVersionDate "2008.11.26"]
[SourceQuality "1"]
[WhiteTeam "Maroczy"]
[BlackTeam "Koszolg"]
[WhiteTeamCountry "HUN"]
[BlackTeamCountry "HUN"]

1. e4 c6 2. d4 e6 3. Nc3 d5 4. Nf3 Bb4 5. e5 c5 6. a3 Bxc3+ 7. bxc3 Nd7 8. Ng5 Qe7 9. Qh5 g6 10. Qh3 Kf8 11. Bd3 Kg7 12. f4 h5 13. Qf3 Nh6 14. 0-0 c4 15. Be2 b5 16. a4 bxa4 17. Bxc4 Nb6 18. Be2 Bb7 19. Ba3 Qd7 20. Rfb1 Bc6 21. Qf1 Nf5 22. Kf2 Rac8 23. Bc5 Rb8 24. Bb5 Rhc8 25. Ba6 Bb7 26. Bxb7 Rxb7 27. Qb5 Qd8 28. Rxa4 Rbc7 29. Rxa7 Rxa7 30. Bxb6 Qd7 31. Bxa7 Qxa7 32. Qb7 Rc7 33. Qxa7 Rxa7 34. Ke2 Ne7 35. Rb6 Kf8 36. Kd3 Ra1 37. Rb8+ Kg7 38. Rb7 Kf8 39. Nf3 Rd1+ 40. Ke2 Rc1 41. Rb8+ Kg7 42. Ne1 Nc6 43. Ra8 Ne7 44. Ra5 Nf5 45. Rc5 Ra1 46. Rc7 Ne3 47. Kxe3 Rxe1+ 48. Kf3 Rf1+ 49. Kg3 Rc1 1/2-1/2

[Event "Senta op-A 11th"]
[Site "Senta"]
[Date "2007.07.23"]
[Round "4"]
[White "Andonov, Bogomil"]
[Black "Geleta, Jovan"]
[Result "1-0"]
[WhiteElo "2383"]
[BlackElo "2235"]
[PlyCount "61"]
[EventDate "2007.07.21"]
[EventType "swiss"]
[EventRounds "9"]
[EventCountry "YUG"]
[SourceTitle "CBM 119 Extra"]
[Source "ChessBase"]
[SourceDate "2007.09.04"]
[SourceVersion "1"]
[SourceVersionDate "2007.09.04"]
[SourceQuality "1"]

1. Nf3 Nf6 2. c4 e6 3. d4 Bb4+ 4. Nbd2 b6 5. a3 Be7 6. e4 Bb7 7. Bd3 d6 8. Qe2 Nbd7 9. 0-0 e5 10. d5 a5 11. b3 Nf8 12. Bb2 Ng6 13. g3 Nd7 14. Ne1 0-0 15. Ng2 Re8 16. Ne3 Bf8 17. f4 exf4 18. gxf4 Nf6 19. Kh1 Bc8 20. Rf2 Qe7 21. Rg1 Nxe4 22. Nxe4 f5 23. Ng5 Qxe3 24. Qh5 h6 25. Re2 Qxd3 26. Qxg6 hxg5 27. Qxe8 Qf3+ 28. Rgg2 g4 29. Re1 a4 30. Kg1 Qxf4 31. Re7 1-0

[Event "Senta op-A 11th"]
[Site "Senta"]
[Date "2007.07.22"]
[Round "3"]
[White "Geleta, Jovan"]
[Black "Brenjo, Slavisa"]
[Result "1/2-1/2"]
[WhiteElo "2235"]
[BlackElo "2485"]
[PlyCount "33"]
[EventDate "2007.07.21"]
[EventType "swiss"]
[EventRounds "9"]
[EventCountry "YUG"]
[SourceTitle "CBM 119 Extra"]
[Source "ChessBase"]
[SourceDate "2007.09.04"]
[SourceVersion "1"]
[SourceVersionDate "2007.09.04"]
[SourceQuality "1"]

1. d4 Nf6 2. Nf3 g6 3. g3 Bg7 4. Bg2 0-0 5. 0-0 d6 6. c4 c5 7. b3 d5 8. cxd5 Nxd5 9. Bb2 Nc6 10. Qd2 Ndb4 11. a3 Na6 12. Rd1 Nxd4 13. Nxd4 cxd4 14. Bxd4 Qxd4 15. Qxd4 Bxd4 16. Rxd4 Nc5 17. Nd2 1/2-1/2

[Event "HUN-chT2 Maroczy 0607"]
[Site "Hungary"]
[Date "2006.12.17"]
[Round "4"]
[White "Biro, David"]
[Black "Geleta, Jovan"]
[Result "1-0"]
[WhiteElo "2198"]
[BlackElo "2248"]
[PlyCount "47"]
[EventDate "2006.11.12"]
[EventType "team"]
[EventRounds "11"]
[EventCountry "HUN"]
[SourceTitle "EXT 2008"]
[Source "ChessBase"]
[SourceDate "2007.11.25"]
[SourceVersion "1"]
[SourceVersionDate "2007.11.25"]
[SourceQuality "1"]
[WhiteTeam "Husi"]
[BlackTeam "Koeszolg"]
[WhiteTeamCountry "HUN"]
[BlackTeamCountry "HUN"]

1. d4 Nf6 2. c4 e6 3. Nf3 d5 4. e3 c6 5. Nbd2 Nbd7 6. Bd3 Bd6 7. 0-0 0-0 8. e4 dxe4 9. Nxe4 Nxe4 10. Bxe4 f5 11. Bc2 e5 12. c5 Bc7 13. Bb3+ Kh8 14. Ng5 Rf6 15. Qh5 Nf8 16. Nf7+ Rxf7 17. Qxf7 Ng6 18. Bg5 Qf8 19. Qxc7 f4 20. Qf7 Bf5 21. Qxf8+ Rxf8 22. h4 h6 23. h5 hxg5 24. hxg6 1-0

[Event "HUN-chT2 Maroczy 0607"]
[Site "Hungary"]
[Date "2006.11.12"]
[Round "1"]
[White "Emodi, Barnabas"]
[Black "Geleta, Jovan"]
[Result "0-1"]
[WhiteElo "2358"]
[BlackElo "2248"]
[PlyCount "56"]
[EventDate "2006.11.12"]
[EventType "team"]
[EventRounds "11"]
[EventCountry "HUN"]
[SourceTitle "EXT 2008"]
[Source "ChessBase"]
[SourceDate "2007.11.25"]
[SourceVersion "1"]
[SourceVersionDate "2007.11.25"]
[SourceQuality "1"]
[WhiteTeam "Teva"]
[BlackTeam "Koeszolg"]
[WhiteTeamCountry "HUN"]
[BlackTeamCountry "HUN"]

1. d4 Nf6 2. c4 e6 3. Nf3 d5 4. Nc3 c6 5. Bg5 Nbd7 6. e3 Bd6 7. Qc2 Qa5 8. c5 Be7 9. Rb1 Qd8 10. Be2 0-0 11. b4 h6 12. Bh4 Nh7 13. Bg3 Ng5 14. b5 Nxf3+ 15. Bxf3 Bf6 16. bxc6 bxc6 17. Qa4 Nxc5 18. Qxc6 Nd3+ 19. Kd2 Bd7 20. Qa6 e5 21. Nxd5 Bf5 22. Nxf6+ gxf6 23. Bxa8 Qxa8 24. Qxf6 Bg6 25. Rb3 Qd5 26. Ra1 Rc8 27. Ke2 Qc4 28. Kf1 Nf4+ 0-1

[Event "Senta op-A 10th"]
[Site "Senta"]
[Date "2006.07.23"]
[Round "4"]
[White "Geleta, Jovan"]
[Black "Vecseri, Julius"]
[Result "1-0"]
[WhiteElo "2266"]
[BlackElo "2061"]
[PlyCount "126"]
[EventDate "2006.07.21"]
[EventType "swiss"]
[EventRounds "9"]
[EventCountry "YUG"]
[SourceTitle "CBM 113 Extra"]
[Source "ChessBase"]
[SourceDate "2006.09.14"]
[SourceVersion "1"]
[SourceVersionDate "2006.09.14"]
[SourceQuality "1"]

1. d4 Nf6 2. c4 e6 3. Nf3 d5 4. e3 Nbd7 5. Nc3 b6 6. cxd5 exd5 7. Ne5 Bb7 8. Bb5 a6 9. Bc6 Bxc6 10. Nxc6 Qc8 11. Qf3 Bd6 12. Nxd5 Nxd5 13. Qxd5 Nf6 14. Qf3 0-0 15. e4 Qe6 16. e5 Nd5 17. 0-0 Bb4 18. Nxb4 Nxb4 19. Be3 Nd5 20. Qe2 f5 21. f4 g5 22. Rac1 Rac8 23. Bd2 gxf4 24. Bxf4 b5 25. Rc5 c6 26. Qf3 Kh8 27. Rfc1 Rg8 28. Kh1 Ne7 29. b3 Qg6 30. e6 Rgd8 31. h3 h6 32. Bg3 Re8 33. Bh4 Rcd8 34. Bxe7 Rxe7 35. Rxf5 Rxe6 36. d5 Rxd5 37. Rxd5 cxd5 38. Qxd5 Qe8 39. Qd4+ Kg8 40. Rc7 Rg6 41. Qc3 Qe2 42. Rc8+ Kf7 43. Qc7+ Qe7 44. Qxe7+ Kxe7 45. Ra8 Rc6 46. Kh2 Kf6 47. Kg3 Kg5 48. a4 Rc3+ 49. Kh2 bxa4 50. bxa4 Rc6 51. a5 h5 52. Rg8+ Kf4 53. g3+ Kf3 54. h4 Rc2+ 55. Kh3 Rc1 56. Rf8+ Ke4 57. Rf6 Rh1+ 58. Kg2 Ra1 59. Rxa6 Kf5 60. Ra8 Ke5 61. Rg8 Ra2+ 62. Kh3 Kd6 63. Rg5 Ra1 1-0

[Event "Senta op"]
[Site "Senta"]
[Date "2002.07.21"]
[Round "5"]
[White "Certic, Branimir"]
[Black "Geleta, Jovan"]
[Result "0-1"]
[WhiteElo "2410"]
[BlackElo "2303"]
[PlyCount "77"]
[EventDate "2002.07.19"]
[EventType "swiss"]
[EventRounds "9"]
[EventCountry "YUG"]
[SourceTitle "CBM 089 Extra"]
[Source "ChessBase"]
[SourceDate "2002.09.10"]
[SourceVersion "2"]
[SourceVersionDate "2002.09.10"]
[SourceQuality "1"]

1. d4 Nf6 2. c4 e5 3. dxe5 Ng4 4. Nf3 Bc5 5. e3 Nc6 6. Be2 Ngxe5 7. Nxe5 Nxe5 8. Nc3 d6 9. 0-0 0-0 10. b3 a6 11. Bb2 Be6 12. Nd5 Re8 13. Nf4 Bd7 14. Nd3 Nxd3 15. Qxd3 Bc6 16. Bf3 Qg5 17. Kh1 Re6 18. Bd5 Rg6 19. Bxc6 bxc6 20. Qe4 d5 21. cxd5 cxd5 22. Qf3 Rd8 23. Rfd1 Bb6 24. g3 Rgd6 25. h4 Qg6 26. Rac1 h6 27. Kg2 c5 28. h5 Qe6 29. Qf4 Qd7 30. Be5 Re6 31. Bb2 d4 32. exd4 Rf6 33. Qe4 cxd4 34. Re1 Re6 35. Qd3 Rf6 36. Re4 Qd5 37. Rce1 Re6 38. Qf3 Qa8 39. Kh2 0-1